Statistics for Most Common Birds of the United States

Click here to take the quiz!

General Stats

  • This quiz has been taken 47 times
  • The average score is 9 of 20

Answer Stats

FrequencySpecies% Correct
30%Blue Jay
88%
37%Northern Cardinal
83%
34%American Crow
80%
35%American Robin
76%
25%House Finch
68%
23%Canada Goose
56%
36%Mourning Dove
56%
25%Red-winged Blackbird
51%
25%American Goldfinch
46%
24%European Starling
46%
22%Mallard
44%
19%House Sparrow
41%
19%Turkey Vulture
37%
20%Black-capped Chickadee
34%
20%Tufted Titmouse
32%
18%White-breasted Nuthatch
20%
18%Dark-eyed Junco
17%
26%Song Sparrow
17%
24%Downy Woodpecker
15%
22%Red-bellied Woodpecker
10%

Score Distribution

Percentile by Number Answered

Percent of People with Each Score

Your Score History

You have not taken this quiz